Statistics for Religion in East Africa countries

Click here to take the quiz!

General Stats

  • This quiz has been taken 56 times
  • The average score is 9 of 10

Answer Stats

Country Answer % Correct
DjiboutiIslam
94%
SomaliaIslam
94%
South SudanChristianity
84%
UgandaChristianity
84%
RwandaChristianity
84%
BurundiChristianity
84%
KenyaChristianity
84%
TanzaniaChristianity
84%
EritreaChristianity
82%
EthiopiaChristianity
82%

Score Distribution

Percentile by Number Answered

Percent of People with Each Score

Your Score History

You have not taken this quiz